000 01459nam a2200337 i 4500
001 000014928
003 DO-SdBNP
005 20250919084934.0
007 ta
008 100127s2005 dr 001 0 spa d
020 _a9993490989
040 _aDO-SdBNP
_bspa
_cBNPHU
_erda
041 _aspa
082 4 _a101
_bA795s 2005
_222
100 1 _aArvelo, Alejandro,
_d1959-
_eautor
_925165
_4aut.
245 1 0 _aSi quieres filosofar... /
_cAlejandro Arvelo ; prólogo, Rafael Morla.
250 _aTercera edición
264 _aSanto Domingo, República Dominicana :
_bEditalibros, S. A.,
_c2005.
300 _a243 páginas ;
_c22 cm.
336 _atexto
_btxt
_2rdacontent
337 _asin mediación
_bn
_2rdamedia
338 _avolumen
_bnc
_2rdacarrier
500 _aIncluye datos biográficos del autor en la solapa de la cubierta.
504 _aIncluye referencias bibliográficas al final de capítulos.
505 0 _aPrólogo /
_rRafael Morla --
_tAnatomía del alma ordinaria --
_tCómo evitar el error --
_tReflexiones en torno a la naturaleza humana --
_tFilosofar... en qué consiste? --
_tEl problema fundamental de la filosofía --
_tLa definición de la filosofía como problema filosófico --
_gEpílogo /
_rLeón David.
590 _aInventariado, 2018 /LP
650 4 _aFilosofía
_xEnsayos, conferencias, etc.
_933791
700 1 _aMorla, Rafael,
_eprologuista
_933792
_4pr.
910 _aValidado. Control de calidad EMS
942 _2ddc
_cLBS1
999 _c14508
_d14508